00618nam a2200181 i 450000100060000000300090000600500170001500700030003200800410003510000410007624500710011726000600018830000220024851000230027065000180029385200210031185201040033274305ES-MaACL20250827050707.0t|040917s1952 sp ||||1| spa d1 aGonzález Galván, José María.10aCaminos, pueblos y paisajes / cDr. José M. González-Galván. aMadrid : bEditoria Nacional, c1952 (fGráf. Valera) a353 p. ; c21 cm. aCCPB,c000999968-X 7aViajes2embne aES-MaACLjD-7816 aES-MaACLjD-6489bR.32529bR.M.6082cSVIfSello en tinta azul de la Biblioteca del Ateneo de Madrid